000 00527nam a22001817a 4500
999 _c478587
_d478587
003 NUST
005 20180605064700.0
008 180605b ||||| |||| 00| 0 eng d
020 _a9780486805153
038 _aSNS Library
082 _a515.353 WEB 1994
100 _aArthur Gordon Webster
_910990
245 _aPartial Differential Equations of Mathematical Physics
_cArthur Gordon Webster
250 _a2nd Ed.
260 _aNew York
_bDover Publications, Inc.
_c1994
300 _avii, 446 P
_bPb.
942 _2ddc
_cBK